| 000 | 00667nam a2200205 a 4500 | ||
|---|---|---|---|
| 001 | 000043106 | ||
| 005 | 20201002040637.0 | ||
| 008 | 140219s1997 sp 000 j spa d | ||
| 020 | _a8433908545 | ||
| 040 |
_aDO-SdBNP _bspa _cBNPHU |
||
| 100 | 1 |
_aShepard, Sam _970637 |
|
| 240 | 1 | 0 | _aCruising paradise |
| 245 | 1 | 0 |
_aCruzando el paraíso. / _cSam Shepard; traducción Mauricio Bach. |
| 260 |
_aBarcelona, : _bAnagrama, _c1997. |
||
| 300 |
_a263 p. ; _c22 cm. |
||
| 490 | 1 |
_aPanorama de narrativas _v384 |
|
| 500 | _aIncluye datos biografícos del autor en la solapa de la portada | ||
| 700 | 1 | 2 |
_aBach, Mauricio _970638 |
| 830 | 0 |
_aPanorama de narrativas _n384 _970639 |
|
| 999 |
_c42595 _d42595 |
||